¿Cúanto sabes de Bad Bunny? - Estadísticas

Estadísticas generales
  • Esta prueba ha sido intentada 631 veces
  • La puntuación promedio es 8 de 15
Estadísticas de respuestas
Pregunta Respuesta % Correcto
¿Cúal es su verdadero nombre? Benito Antonio Martinez Ocasio
96%
Segun Un Verano Sin Ti, ¿Qué bebida da nombre a una canción suya? Moscow Mule
91%
¿Cúal de estas no es una canción triste de él? Safaera
86%
¿En cuál de las siguientes canciones vemos a un Benito más abierto y sincero? <3
68%
¿Qué canción dice: "cambiaria la gloria y mi riqueza, solo por saber como es que tu besas"? Mojabi Ghost
68%
¿Cúal de las siguientes colaboraciones no ha tenido? Dei V
64%
¿Con quien colabora en Pasiempre? Tainy, Myke Towers, Omar Courtz, Jhayco, Arcangel, Arca
61%
¿Cuándo es su cumpleaños? 10/03/1994
60%
¿En qué serie aparece? Narcos
49%
¿Pór que se llama Bad Bunny? Por una foto de Facebook
44%
¿Cúantos álbums tiene? (Junio 2024) 7
37%
¿Con quíen de los siguientes artistas ha colaborado más? Arcángel
26%
¿Dónde nació? Almirante Sur, Puerto Rico
22%
¿Cúal es su canción más escuchada? Mía
20%
¿Cúal fue su primera canción? Soy Peor
18%
No se encontraron pruebas coincidentes
Distribución de puntuación
Porcentaje de gente con cada puntuación
Porcentaje por número respondido
Historial de tus puntuaciones
No has intentado esta prueba.